[Event "Rubinstein Memorial op 51st"]
[Site "Polanica Zdroj"]
[Date "2015.08.26"]
[Round "5"]
[White "Koziej, Maciej"]
[Black "Rozycki, Bartlomiej"]
[Result "0-1"]
[WhiteElo "1985"]
[BlackElo "2169"]
[PlyCount "42"]
[EventDate "2015.08.22"]
[EventType "swiss"]
[EventRounds "9"]
[EventCountry "POL"]
[SourceTitle "EXT 2016"]
[Source "ChessBase"]
[SourceDate "2015.10.08"]
[SourceVersion "1"]
[SourceVersionDate "2015.10.08"]
[SourceQuality "1"]

1. e4 c5 2. Nf3 d6 3. d4 cxd4 4. Nxd4 Nf6 5. Nc3 a6 6. h3 e6 7. g4 b5 8. Bg2 Bb7 9. g5 Nfd7 10. a3 Be7 11. h4 Nc6 12. f4 0-0 13. Be3 Nxd4 14. Qxd4 e5 15. Qd2 exf4 16. Bxf4 Ne5 17. Bxe5 dxe5 18. Qxd8 Raxd8 19. Ke2 Bc5 20. Nd5 f5 21. gxf6 gxf6 0-1

[Event "Rubinstein Memorial op 51st"]
[Site "Polanica Zdroj"]
[Date "2015.08.25"]
[Round "4"]
[White "Semerak, Pavel"]
[Black "Koziej, Maciej"]
[Result "0-1"]
[WhiteElo "2080"]
[BlackElo "1985"]
[PlyCount "92"]
[EventDate "2015.08.22"]
[EventType "swiss"]
[EventRounds "9"]
[EventCountry "POL"]
[SourceTitle "EXT 2016"]
[Source "ChessBase"]
[SourceDate "2015.10.08"]
[SourceVersion "1"]
[SourceVersionDate "2015.10.08"]
[SourceQuality "1"]

1. d4 f5 2. g3 Nf6 3. Bg2 e6 4. Nd2 d5 5. Ndf3 Bd6 6. Ne5 c5 7. c3 cxd4 8. cxd4 Bxe5 9. dxe5 Ng4 10. Nf3 Nc6 11. Bf4 Qb6 12. 0-0 Qxb2 13. h3 Nh6 14. Ne1 Nf7 15. Nd3 Qa3 16. Bc1 Qa5 17. f4 0-0 18. a4 Bd7 19. Ba3 Rfb8 20. Rb1 Qd8 21. Qd2 b6 22. Bb4 Rc8 23. Rfc1 Nxb4 24. Qxb4 Rxc1+ 25. Rxc1 Rc8 26. Rxc8 Qxc8 27. a5 Qd8 28. a6 Qf8 29. Kf2 Nd8 30. e3 Nc6 31. Qd6 Qc8 32. Bf1 Kf7 33. g4 fxg4 34. hxg4 Be8 35. f5 Qd7 36. Bg2 Qxd6 37. exd6 Bd7 38. Kg3 Kf6 39. Kf4 exf5 40. Bxd5 g5+ 41. Kg3 Ne5 42. Nb4 fxg4 43. Bg8 h5 44. Nd5+ Kg7 45. Nxb6 Kxg8 46. Nxd7 Nxd7 0-1

[Event "POL-ch U26"]
[Site "Zabrze"]
[Date "2015.01.10"]
[Round "3"]
[White "Koziej, Maciej"]
[Black "Piesik, Piotr"]
[Result "0-1"]
[WhiteElo "2043"]
[BlackElo "2256"]
[PlyCount "82"]
[EventDate "2015.01.10"]
[EventType "swiss"]
[EventRounds "9"]
[EventCountry "POL"]
[SourceTitle "EXT 2016"]
[Source "ChessBase"]
[SourceDate "2015.10.08"]
[SourceVersion "1"]
[SourceVersionDate "2015.10.08"]
[SourceQuality "1"]

1. e4 Nc6 2. d4 e5 3. dxe5 Nxe5 4. f4 Nc6 5. Nf3 Bc5 6. Bc4 d6 7. Nc3 Nf6 8. e5 dxe5 9. Qxd8+ Kxd8 10. fxe5 Re8 11. Bg5 Nxe5 12. 0-0-0+ Bd7 13. Nxe5 Rxe5 14. Bxf6+ gxf6 15. Bxf7 Ke7 16. Bd5 c6 17. Bf3 Bf5 18. Rhe1 Be3+ 19. Kb1 Rd8 20. Rxd8 Kxd8 21. Nd1 Bd4 22. Rxe5 fxe5 23. Kc1 e4 24. Be2 Ke7 25. Kd2 Bg1 26. h3 Bh2 27. Ke3 Ke6 28. g4 Bg6 29. Nc3 Ke5 30. Bc4 Bg1+ 31. Ke2 Kf4 32. Kf1 Bc5 33. Ne2+ Kf3 34. Be6 Be3 35. h4 h6 36. Bc8 b6 37. Bd7 c5 38. Be6 Bf2 39. h5 Be8 40. Bf5 Be3 41. c3 Bb5 0-1

[Event "Rewal op-B 18th"]
[Site "Rewal"]
[Date "2013.08.29"]
[Round "9"]
[White "Powalka, Michal"]
[Black "Koziej, Maciej"]
[Result "1/2-1/2"]
[WhiteElo "1768"]
[BlackElo "2063"]
[PlyCount "37"]
[EventDate "2013.08.20"]
[EventType "swiss"]
[EventRounds "9"]
[EventCountry "POL"]
[SourceTitle "CBM 156 Extra"]
[Source "ChessBase"]
[SourceDate "2013.10.22"]
[SourceVersion "1"]
[SourceVersionDate "2013.10.22"]
[SourceQuality "1"]

1. e4 c5 2. Nf3 a6 3. d3 Nc6 4. g3 g6 5. Bg2 Bg7 6. 0-0 d6 7. c3 Nf6 8. Nbd2 0-0 9. Nh4 e5 10. Nc4 b5 11. Ne3 Bb7 12. f4 exf4 13. gxf4 Re8 14. Nf3 c4 15. dxc4 Nxe4 16. cxb5 axb5 17. Ng5 Nxg5 18. fxg5 Qb6 19. Kh1 1/2-1/2

[Event "Rewal op-B 18th"]
[Site "Rewal"]
[Date "2013.08.24"]
[Round "5"]
[White "Niedbal, Piotr"]
[Black "Koziej, Maciej"]
[Result "0-1"]
[WhiteElo "1773"]
[BlackElo "2063"]
[PlyCount "70"]
[EventDate "2013.08.20"]
[EventType "swiss"]
[EventRounds "9"]
[EventCountry "POL"]
[SourceTitle "CBM 156 Extra"]
[Source "ChessBase"]
[SourceDate "2013.10.22"]
[SourceVersion "1"]
[SourceVersionDate "2013.10.22"]
[SourceQuality "1"]

1. e4 c5 2. Nf3 e6 3. c3 d5 4. exd5 Qxd5 5. Bb5+ Nd7 6. 0-0 a6 7. Be2 Ngf6 8. d4 Be7 9. dxc5 Qxc5 10. Be3 Qc7 11. Nbd2 0-0 12. Qc2 b6 13. Ne4 Bb7 14. Nxf6+ Nxf6 15. h3 Nd5 16. Bd3 Nxe3 17. Bxh7+ Kh8 18. fxe3 f5 19. Nd4 Qg3 20. Bxf5 Qxe3+ 21. Rf2 exf5 22. Nxf5 Rxf5 23. Qxf5 Rf8 24. Qh5+ Kg8 25. Raf1 Rxf2 26. Rxf2 Qe1+ 27. Rf1 Bc5+ 28. Kh2 Qxf1 29. Qe8+ Qf8 30. Qe1 Qf4+ 31. Kh1 Qe3 32. Qd1 Qe4 33. Qf1 b5 34. b3 Qe3 35. Qd1 Qxh3# 0-1

[Event "Lublin Gerlecka Memorial 3rd"]
[Site "Lublin"]
[Date "2013.08.??"]
[Round "4.2"]
[White "Czerw, Dawid"]
[Black "Koziej, Maciej"]
[Result "1-0"]
[WhiteElo "1942"]
[BlackElo "2063"]
[PlyCount "70"]
[EventDate "2013.08.06"]
[EventType "swiss"]
[EventRounds "9"]
[EventCountry "POL"]
[SourceTitle "EXT 2023"]
[Source "ChessBase"]
[SourceDate "2022.10.05"]
[SourceVersion "1"]
[SourceVersionDate "2022.10.05"]
[SourceQuality "1"]

1. d4 f5 2. e4 fxe4 3. Nc3 Nf6 4. Bg5 Nc6 5. d5 Ne5 6. Qd4 Nf7 7. Bxf6 exf6 8. Nxe4 c5 9. Nxc5 Qa5+ 10. b4 Qc7 11. Bd3 Bd6 12. Qe4+ Kd8 13. Ne2 a5 14. Qg4 g6 15. Qh4 axb4 16. Ne4 Be5 17. Rb1 g5 18. Qh5 d6 19. 0-0 Qe7 20. f4 gxf4 21. Nxf4 Kc7 22. Rxb4 Rxa2 23. Qd1 Ra1 24. Rb1 Rxb1 25. Qxb1 f5 26. Ne6+ Bxe6 27. dxe6 Qxe6 28. Nd2 Nh6 29. Nc4 Bd4+ 30. Kh1 Ra8 31. Re1 Qd7 32. c3 Bc5 33. Ne3 Re8 34. Bb5 Qe6 35. Bxe8 Qxe8 1-0

[Event "Lublin Gerlecka Memorial 3rd"]
[Site "Lublin"]
[Date "2013.08.??"]
[Round "2.6"]
[White "Szczepaniak, Lukasz1111"]
[Black "Koziej, Maciej"]
[Result "0-1"]
[WhiteElo "2020"]
[BlackElo "2063"]
[PlyCount "84"]
[EventDate "2013.08.06"]
[EventType "swiss"]
[EventRounds "9"]
[EventCountry "POL"]
[SourceTitle "EXT 2023"]
[Source "ChessBase"]
[SourceDate "2022.10.05"]
[SourceVersion "1"]
[SourceVersionDate "2022.10.05"]
[SourceQuality "1"]

1. e4 c5 2. Nf3 e6 3. c3 Nf6 4. e5 Nd5 5. d4 cxd4 6. cxd4 Nc6 7. Bc4 Nb6 8. Bb3 d6 9. 0-0 Be7 10. Nc3 0-0 11. Ne4 dxe5 12. dxe5 Qxd1 13. Rxd1 Na5 14. Be3 Nbc4 15. Bd4 b6 16. Bc2 Nc6 17. Bc3 Ba6 18. Bd3 b5 19. a3 Rfd8 20. b3 N4a5 21. b4 Nc4 22. Nc5 Bxc5 23. bxc5 Ne7 24. Be4 Rac8 25. h3 Nd5 26. Bd4 Bb7 27. a4 b4 28. a5 Bc6 29. Rdc1 Na3 30. Bb2 Nf4 31. Re1 Nd3 32. Bxd3 Rxd3 33. Rec1 Bxf3 34. gxf3 Rxf3 35. c6 Rd3 36. Rd1 Rd5 37. Rxd5 exd5 38. Bd4 Nb5 39. Bc5 b3 40. Rb1 Rxc6 41. Bb4 Nd4 42. Bd2 Nf3+ 0-1

[Event "POL-ch U18"]
[Site "Murzasichle"]
[Date "2011.03.11"]
[Round "8"]
[White "Koziej, Maciej"]
[Black "Swiech, Przemyslaw"]
[Result "0-1"]
[WhiteElo "2036"]
[BlackElo "2233"]
[PlyCount "88"]
[EventDate "2011.03.05"]
[EventType "swiss"]
[EventRounds "9"]
[EventCountry "POL"]
[SourceTitle "EXT 2012"]
[Source "ChessBase"]
[SourceDate "2011.11.24"]
[SourceVersion "1"]
[SourceVersionDate "2011.11.24"]
[SourceQuality "1"]

1. e4 c5 2. Nf3 Nc6 3. d4 cxd4 4. Nxd4 Nf6 5. Nc3 e5 6. Ndb5 d6 7. Bg5 a6 8. Na3 b5 9. Nd5 Be7 10. Bxf6 Bxf6 11. c3 Ne7 12. Nxf6+ gxf6 13. Bd3 d5 14. Qf3 f5 15. Qg3 dxe4 16. Qxe5 0-0 17. Be2 Ng6 18. Qd4 Qxd4 19. cxd4 Nf4 20. g3 Nd5 21. Nc2 f4 22. gxf4 Nxf4 23. Rg1+ Kh8 24. Ne3 f5 25. Rc1 Nh3 26. Rf1 f4 27. Nd5 Bb7 28. Nc7 f3 29. Bd1 Rac8 30. Bb3 e3 31. Be6 Nf4 32. Bxc8 Ng2+ 33. Kd1 e2+ 34. Kd2 exf1Q 35. Rxf1 Rxc8 36. Ne6 Bd5 37. Nc5 a5 38. a3 Re8 39. Nd3 Bc4 40. Rc1 Re2+ 41. Kc3 Bxd3 42. Kxd3 Nf4+ 43. Kc3 Rxf2 44. Kb3 Rxb2+ 0-1

[Event "Rewal op-B 15th"]
[Site "Rewal"]
[Date "2010.08.21"]
[Round "3"]
[White "Koziej, Maciej"]
[Black "Starczewska, Dominika"]
[Result "1/2-1/2"]
[WhiteElo "1990"]
[BlackElo "1885"]
[PlyCount "75"]
[EventDate "2010.08.18"]
[EventType "swiss"]
[EventRounds "9"]
[EventCountry "POL"]
[SourceTitle "EXT 2014"]
[Source "ChessBase"]
[SourceDate "2013.11.20"]
[SourceVersion "1"]
[SourceVersionDate "2013.11.20"]
[SourceQuality "1"]

1. e4 c5 2. Nf3 Nc6 3. d4 cxd4 4. Nxd4 Nf6 5. Nc3 e5 6. Ndb5 d6 7. Bg5 a6 8. Na3 b5 9. Nd5 Be7 10. Bxf6 Bxf6 11. c3 Ne7 12. Nxf6+ gxf6 13. Nc2 Bb7 14. Bd3 d5 15. exd5 Qxd5 16. Ne3 Qe6 17. Qc2 e4 18. Be2 f5 19. g3 Ng6 20. a4 Ne5 21. Rg1 0-0 22. 0-0-0 bxa4 23. g4 f4 24. Nf5 Rfd8 25. Qxa4 Qb6 26. Rxd8+ Rxd8 27. Rd1 f3 28. Rxd8+ Qxd8 29. Bxa6 Bxa6 30. Qxa6 Nxg4 31. Nh6+ Nxh6 32. Qxh6 Qd3 33. Qd2 Qf1+ 34. Kc2 h6 35. b3 Qa1 36. c4 Qa2+ 37. Kc3 Qa5+ 38. Kc2 1/2-1/2

[Event "Sielpia op"]
[Site "Sielpia"]
[Date "2010.08.05"]
[Round "2"]
[White "Kapusta, Pawel"]
[Black "Koziej, Maciej"]
[Result "1/2-1/2"]
[WhiteElo "1555"]
[BlackElo "2025"]
[PlyCount "60"]
[EventDate "2010.08.04"]
[EventType "swiss"]
[EventRounds "9"]
[EventCountry "POL"]
[SourceTitle "EXT 2011"]
[Source "ChessBase"]
[SourceDate "2010.11.26"]
[SourceVersion "1"]
[SourceVersionDate "2010.11.26"]
[SourceQuality "1"]

1. e4 e5 2. Nf3 Nc6 3. Bb5 a6 4. Ba4 d6 5. c3 Nge7 6. d3 g6 7. 0-0 Bg7 8. Nbd2 0-0 9. h3 h6 10. Nh2 f5 11. f4 Kh7 12. fxe5 dxe5 13. Qe2 f4 14. Ndf3 Be6 15. Bd2 Qd6 16. Rad1 Bxa2 17. Be1 Be6 18. Bf2 b5 19. Bc2 Rad8 20. Rd2 Nc8 21. b4 Qe7 22. Ra1 Nd6 23. Rxa6 Bd7 24. Rd1 g5 25. Bc5 Nb8 26. Ra7 Bc8 27. Ra3 Nc6 28. Rda1 Bb7 29. Bb3 Ra8 30. Rxa8 Rxa8 1/2-1/2

[Event "POL-chT U19 2nd League"]
[Site "Chelm Lubelski"]
[Date "2010.07.14"]
[Round "11"]
[White "Wiewiora, Eneasz"]
[Black "Koziej, Maciej"]
[Result "1-0"]
[WhiteElo "2042"]
[BlackElo "2025"]
[PlyCount "57"]
[EventDate "2010.07.06"]
[EventType "team-tourn"]
[EventRounds "11"]
[EventCountry "POL"]
[SourceTitle "EXT 2011"]
[Source "ChessBase"]
[SourceDate "2010.11.26"]
[SourceVersion "1"]
[SourceVersionDate "2010.11.26"]
[SourceQuality "1"]
[WhiteTeam "Pszczyna PSSz U19"]
[BlackTeam "Kielce KMKSz Victoria U19"]
[WhiteTeamCountry "POL"]
[BlackTeamCountry "POL"]

1. e4 c5 2. c3 Nf6 3. e5 Nd5 4. d4 cxd4 5. Nf3 Nc6 6. Bc4 Nb6 7. Bb3 d6 8. exd6 Qxd6 9. 0-0 Be6 10. Bxe6 Qxe6 11. Nxd4 Nxd4 12. Qxd4 Rd8 13. Qh4 Qe2 14. Be3 Qxb2 15. Nd2 Rxd2 16. Bxd2 Qxd2 17. Rfd1 Qxc3 18. Rac1 Qa3 19. Qe4 e6 20. Qxb7 Bd6 21. Rc8+ Nxc8 22. Qxc8+ Ke7 23. Qxh8 Qxa2 24. Qxg7 Qc2 25. Qd4 Qc5 26. Qh4+ Ke8 27. Qxh7 a5 28. Qe4 Bxh2+ 29. Kf1 1-0

[Event "POL-chT U19 2nd League"]
[Site "Chelm Lubelski"]
[Date "2010.07.13"]
[Round "10"]
[White "Koziej, Maciej"]
[Black "Adamowicz, Maciej"]
[Result "1/2-1/2"]
[WhiteElo "2025"]
[BlackElo "1978"]
[PlyCount "62"]
[EventDate "2010.07.06"]
[EventType "team-tourn"]
[EventRounds "11"]
[EventCountry "POL"]
[SourceTitle "EXT 2011"]
[Source "ChessBase"]
[SourceDate "2010.11.26"]
[SourceVersion "1"]
[SourceVersionDate "2010.11.26"]
[SourceQuality "1"]
[WhiteTeam "Kielce KMKSz Victoria U19"]
[BlackTeam "Grzybowo GKSz Solny U19"]
[WhiteTeamCountry "POL"]
[BlackTeamCountry "POL"]

1. e4 c5 2. Nf3 Nc6 3. Nc3 g6 4. d4 cxd4 5. Nxd4 Bg7 6. Be3 Nf6 7. Bc4 0-0 8. Bb3 d6 9. h3 Na5 10. 0-0 b6 11. Re1 Bb7 12. Bg5 Nxb3 13. axb3 a6 14. Nd5 Nxd5 15. exd5 Re8 16. c4 Qc7 17. Qd2 Qd7 18. Rad1 e5 19. dxe6 fxe6 20. Nf3 Bxf3 21. gxf3 e5 22. h4 Qh3 23. Qxd6 h6 24. Bf6 Qxf3 25. Bxg7 Qg4+ 26. Kf1 Qh3+ 27. Kg1 Qg4+ 28. Kf1 Qh3+ 29. Kg1 Qg4+ 30. Kf1 Qh3+ 31. Kg1 Qg4+ 1/2-1/2

[Event "POL-chT U19 2nd League"]
[Site "Chelm Lubelski"]
[Date "2010.07.09"]
[Round "5"]
[White "Wach, Bartosz"]
[Black "Koziej, Maciej"]
[Result "0-1"]
[WhiteElo "1653"]
[BlackElo "2025"]
[PlyCount "60"]
[EventDate "2010.07.06"]
[EventType "team-tourn"]
[EventRounds "11"]
[EventCountry "POL"]
[SourceTitle "EXT 2011"]
[Source "ChessBase"]
[SourceDate "2010.11.26"]
[SourceVersion "1"]
[SourceVersionDate "2010.11.26"]
[SourceQuality "1"]
[WhiteTeam "Kielce Fart U19"]
[BlackTeam "Kielce KMKSz Victoria U19"]
[WhiteTeamCountry "POL"]
[BlackTeamCountry "POL"]

1. Nf3 Nf6 2. g3 b5 3. Bg2 Bb7 4. d4 e6 5. 0-0 Be7 6. b3 0-0 7. c4 bxc4 8. bxc4 c5 9. e3 Na6 10. Nc3 cxd4 11. exd4 Rc8 12. Qb3 Rb8 13. Qa4 d6 14. Rb1 Qd7 15. Qa5 Rfc8 16. Nd2 Bxg2 17. Rxb8 Nxb8 18. Kxg2 Nc6 19. Qa6 Nxd4 20. Ba3 Rc6 21. Qa4 Qb7 22. f3 Ra6 23. Qb4 Rb6 24. Qa4 g5 25. h3 Nd7 26. Rb1 Rxb1 27. Ndxb1 Qxf3+ 28. Kh2 Qf2+ 29. Kh1 Nf3 30. Qxd7 Qg1# 0-1